[Event "Ontario op"]
[Site "Oakville CAN"]
[Date "2019.05.20"]
[Round "5.5"]
[White "Gaisinsky, Adam"]
[Black "Aniunoh, Chike"]
[Result "1-0"]
[WhiteElo "2172"]
[BlackElo "2161"]
[PlyCount "89"]
[EventDate "2019.05.18"]
[EventType "swiss"]
[EventRounds "6"]
[EventCountry "CAN"]

1. e4 e6 2. Qe2 Be7 3. Nf3 d5 4. d3 Nf6 5. g3 O-O 6. Bg2 c5 7. O-O Nc6 8. e5
Ne8 9. c4 Nc7 10. Nc3 Rb8 11. Rd1 b5 12. b3 Ba6 13. a4 bxc4 14. bxc4 Na5 15.
Nb5 Nb3 16. Rb1 Nxb5 17. axb5 Nxc1 18. Rbxc1 Bc8 19. Ra1 Qb6 20. Qa2 Ra8 21.
cxd5 exd5 22. Qxd5 Be6 23. Qc6 Qxc6 24. bxc6 Bd5 25. Nd2 Bxg2 26. Kxg2 a5 27.
Nc4 Bd8 28. Rdb1 Ra6 29. Rb5 Rxc6 30. Nxa5 Bxa5 31. Raxa5 c4 32. d4 c3 33. Rc5
Rcc8 34. Ra3 Rcd8 35. d5 Rfe8 36. f4 g5 37. Raxc3 gxf4 38. gxf4 Kg7 39. Kf3 Rd7
40. Ke4 Ra8 41. d6 Ra1 42. Rc7 Ra4+ 43. Kd5 Rd8 44. Rc8 Rxc8 45. Rxc8 1-0

[Event "Ontario op"]
[Site "Oakville CAN"]
[Date "2019.05.20"]
[Round "5.6"]
[White "Loadman, Ian"]
[Black "Hua, Eugene"]
[Result "1/2-1/2"]
[WhiteElo "2119"]
[BlackElo "2412"]
[PlyCount "85"]
[EventDate "2019.05.18"]
[EventType "swiss"]
[EventRounds "6"]
[EventCountry "CAN"]

1. e4 c5 2. Nf3 d6 3. d4 cxd4 4. Nxd4 Nf6 5. Nc3 Nc6 6. Bc4 e6 7. Be3 a6 8. Bb3
Qc7 9. f4 Be7 10. O-O O-O 11. Qf3 Na5 12. f5 Nxb3 13. axb3 e5 14. Nde2 b5 15.
Rfc1 Bb7 16. Ng3 Qc6 17. Bg5 b4 18. Bxf6 Qb6+ 19. Kh1 Bxf6 20. Nd5 Bxd5 21.
exd5 Bg5 22. Re1 Rac8 23. Ne4 f6 24. Re2 Rc7 25. Qd3 a5 26. g3 Rfc8 27. Rd1 Bh6
28. h4 Kf7 29. Kg2 Ke7 30. Kh1 Rb7 31. g4 Bf4 32. Rf1 Kd7 33. g5 Rf8 34. Rg1
Kc8 35. gxf6 gxf6 36. Reg2 Kb8 37. Rg8 Rxg8 38. Rxg8+ Ka7 39. Kg2 Rf7 40. Qc4
Rc7 41. Qd3 Rf7 42. Qc4 Qc7 43. Qd3 1/2-1/2

[Event "Ontario op"]
[Site "Oakville CAN"]
[Date "2019.05.20"]
[Round "5.7"]
[White "Zeng, Sheena"]
[Black "Xu, Eddie"]
[Result "1-0"]
[WhiteElo "1578"]
[BlackElo "2037"]
[PlyCount "83"]
[EventDate "2019.05.18"]
[EventType "swiss"]
[EventRounds "6"]
[EventCountry "CAN"]

1. d4 d5 2. c4 e6 3. Nc3 Be7 4. Nf3 Nf6 5. cxd5 exd5 6. Qc2 c6 7. Bf4 g6 8. Bh6
Ng4 9. Bg7 Rg8 10. Be5 Nxe5 11. Nxe5 Qb6 12. e3 Bf5 13. Bd3 Bxd3 14. Qxd3 Na6
15. O-O f6 16. Nf3 f5 17. Rab1 Nb4 18. Qe2 a5 19. Rfc1 Qa6 20. a3 Qxe2 21. Nxe2
Na6 22. Ne5 Bd6 23. f4 Ke7 24. Nc3 Nb8 25. Na4 Bxe5 26. fxe5 Nd7 27. Nc5 Nxc5
28. Rxc5 a4 29. b4 axb3 30. Rxb3 Ra7 31. a4 Kd7 32. Rc2 Kc7 33. Rcb2 Rb8 34.
Rb4 Kd7 35. Kf2 g5 36. Kf3 Ke6 37. g4 h5 38. gxh5 Rh8 39. Rxb7 Rxa4 40. Rc7
Rxh5 41. Rc2 Ra6 42. Kg3 1-0

[Event "Ontario op"]
[Site "Oakville CAN"]
[Date "2019.05.20"]
[Round "5.8"]
[White "Zhang, Henry"]
[Black "Li, Eric M"]
[Result "1-0"]
[WhiteElo "2228"]
[BlackElo "2175"]
[PlyCount "59"]
[EventDate "2019.05.18"]
[EventType "swiss"]
[EventRounds "6"]
[EventCountry "CAN"]

1. e4 c5 2. Nf3 Nc6 3. Nc3 e6 4. d4 cxd4 5. Nxd4 Qc7 6. Be3 Nf6 7. Qd2 a6 8.
O-O-O Be7 9. f3 b5 10. g4 d6 11. h4 Bb7 12. Kb1 O-O 13. h5 b4 14. Nce2 Nxd4 15.
Nxd4 Nd7 16. g5 d5 17. g6 Nc5 18. e5 Qxe5 19. gxh7+ Kxh7 20. Bf4 Qf6 21. Rg1
Rfe8 22. Re1 Qh4 23. Rg4 Ne4 24. Bd3 Qf6 25. fxe4 Qxd4 26. e5+ Kh8 27. Reg1 Rg8
28. Bh6 Qxe5 29. Bxg7+ Rxg7 30. Qh6+ 1-0

[Event "Ontario op"]
[Site "Oakville CAN"]
[Date "2019.05.20"]
[Round "5.10"]
[White "Xu, Daniel"]
[Black "Hay, Jonathan"]
[Result "1/2-1/2"]
[WhiteElo "2077"]
[BlackElo "2051"]
[PlyCount "97"]
[EventDate "2019.05.18"]
[EventType "swiss"]
[EventRounds "6"]
[EventCountry "CAN"]

1. d4 d5 2. c4 c6 3. Nf3 Nf6 4. Qc2 g6 5. Bf4 Bg7 6. e3 O-O 7. Nc3 a6 8. a4 a5
9. Bd3 Na6 10. Na2 dxc4 11. Bxc4 Nd5 12. Be5 Nab4 13. Nxb4 Nxb4 14. Qb3 Bf5 15.
O-O Be4 16. Bxg7 Kxg7 17. Nd2 Bd5 18. e4 Bxc4 19. Qxc4 e5 20. Nf3 exd4 21. Nxd4
Qe7 22. Qc3 Kg8 23. Rfe1 Rfd8 24. Rad1 Rd7 25. Nb3 b6 26. Rd4 Rad8 27. Red1
Rxd4 28. Rxd4 c5 29. Rxd8+ Qxd8 30. Nd2 Na2 31. Qc2 Nb4 32. Qc3 Na2 33. Qc2 Qd4
34. Nf3 Qb4 35. h3 c4 36. e5 c3 37. bxc3 Nxc3 38. Qd2 Nxa4 39. Qd7 Nc3 40. Qd8+
Qf8 41. Qxb6 a4 42. Qa5 Qc8 43. Ne1 Qc6 44. Nd3 Nd5 45. Nc5 Nb6 46. f3 Kg7 47.
Kh1 Nc4 48. Qb4 Nxe5 49. Nxa4 1/2-1/2

[Event "Ontario op"]
[Site "Oakville CAN"]
[Date "2019.05.20"]
[Round "6.1"]
[White "Preotu, Razvan"]
[Black "Sambuev, Bator"]
[Result "1-0"]
[WhiteElo "2637"]
[BlackElo "2555"]
[PlyCount "57"]
[EventDate "2019.05.18"]
[EventType "swiss"]
[EventRounds "6"]
[EventCountry "CAN"]

1. e4 e5 2. Nf3 Nc6 3. Bb5 Nf6 4. d3 d6 5. c4 g6 6. h3 Bg7 7. Be3 O-O 8. Nc3
Ne7 9. d4 Nd7 10. O-O c6 11. Ba4 h6 12. Qd2 g5 13. dxe5 dxe5 14. Rfd1 Ng6 15.
Ne2 Qe7 16. Ng3 Nb6 17. Bb3 Be6 18. c5 Nc4 19. Bxc4 Bxc4 20. Nf5 Qc7 21. Bxg5
hxg5 22. Qxg5 Rad8 23. h4 Be2 24. Rd6 Bxf3 25. gxf3 Rxd6 26. cxd6 Qd8 27. Ne7+
Kh7 28. Qh5+ Bh6 29. Nf5 1-0

[Event "Ontario op"]
[Site "Oakville CAN"]
[Date "2019.05.20"]
[Round "6.2"]
[White "Munro, Allan"]
[Black "Rek, Slava"]
[Result "1/2-1/2"]
[WhiteElo "2225"]
[BlackElo "2330"]
[PlyCount "91"]
[EventDate "2019.05.18"]
[EventType "swiss"]
[EventRounds "6"]
[EventCountry "CAN"]

1. e4 c5 2. Nf3 Nc6 3. d4 cxd4 4. Nxd4 g6 5. c4 Bg7 6. Be3 Nf6 7. f3 O-O 8. Qd2
e6 9. Nxc6 dxc6 10. Qxd8 Rxd8 11. Nc3 e5 12. Be2 Be6 13. Kf2 Bf8 14. Rhd1 Rxd1
15. Rxd1 Nd7 16. Nd5 Nc5 17. Nc7 Rc8 18. Nxe6 Nxe6 19. a3 b6 20. Rd7 Rc7 21.
Rxc7 Nxc7 22. g3 Ne6 23. f4 Bg7 24. f5 Nd4 25. g4 h6 26. Bd1 Kh7 27. Ke1 Bf6
28. Bxd4 exd4 29. Ba4 c5 30. Be8 Kg7 31. h3 Be5 32. b3 Kf6 33. Ke2 Bf4 34. Kd3
Bc1 35. a4 a5 36. fxg6 fxg6 37. h4 Bf4 38. h5 g5 39. Bd7 Ke5 40. Bf5 Bg3 41.
Bc8 Kf4 42. Bf5 Kf3 43. e5 Bxe5 44. Kc2 Ke3 45. Bd3 Bc7 46. Bf5 1/2-1/2

[Event "Ontario op"]
[Site "Oakville CAN"]
[Date "2019.05.20"]
[Round "6.3"]
[White "Plotkin, Mark"]
[Black "Zeng, Sheena"]
[Result "1-0"]
[WhiteElo "2512"]
[BlackElo "2096"]
[PlyCount "107"]
[EventDate "2019.05.18"]
[EventType "swiss"]
[EventRounds "6"]
[EventCountry "CAN"]

1. e4 e6 2. d4 d5 3. Nc3 dxe4 4. Nxe4 Nd7 5. Nf3 Ngf6 6. Ng3 c5 7. dxc5 Bxc5 8.
Bd3 O-O 9. O-O b6 10. Qe2 Bb7 11. Bg5 Qc7 12. Rad1 h6 13. Bd2 Rfd8 14. c4 Bd6
15. Bb1 Ne5 16. Nxe5 Bxe5 17. Rfe1 Bd4 18. b3 Qc6 19. Qf1 Ng4 20. Re2 f5 21.
Kh1 Qc5 22. Be1 Be5 23. Red2 Rxd2 24. Rxd2 Bxg3 25. fxg3 Ne3 26. Qg1 Nxg2 27.
Rxg2 Rd8 28. Qxc5 bxc5 29. Bc2 e5 30. Kg1 Bxg2 31. Kxg2 e4 32. Kf2 Kf7 33. b4
Rb8 34. b5 Ke6 35. a4 Kd6 36. a5 Rd8 37. Bc3 Kc7 38. Ke3 g6 39. g4 Re8 40. Bd1
fxg4 41. Bxg4 h5 42. Be2 Kd6 43. Be1 Kd7 44. Bg3 Re6 45. h4 Kc8 46. Bf1 Rf6 47.
Bh3+ Kb7 48. Bg2 Re6 49. Bxe4+ Kc8 50. b6 axb6 51. a6 Re7 52. Kf3 Ra7 53. Bb7+
Rxb7 54. axb7+ 1-0

[Event "Ontario op"]
[Site "Oakville CAN"]
[Date "2019.05.20"]
[Round "6.4"]
[White "Chen, Max"]
[Black "Gaisinsky, Adam"]
[Result "1/2-1/2"]
[WhiteElo "2249"]
[BlackElo "2172"]
[PlyCount "74"]
[EventDate "2019.05.18"]
[EventType "swiss"]
[EventRounds "6"]
[EventCountry "CAN"]

1. e4 e5 2. f4 d5 3. exd5 exf4 4. Nf3 Nf6 5. Be2 Nxd5 6. c4 Nf6 7. d4 Bd6 8.
O-O O-O 9. Nc3 c6 10. Ne5 Nbd7 11. Nxd7 Bxd7 12. Bxf4 Qc7 13. Bg5 Bxh2+ 14. Kh1
Rae8 15. Bxf6 gxf6 16. Bd3 Qg3 17. Bf5 Bxf5 18. Rxf5 Qg6 19. Qf3 Bg3 20. Kg1
Re6 21. Ne4 Bh4 22. d5 cxd5 23. cxd5 Re5 24. Nxf6+ Bxf6 25. Rxf6 Qe4 26. Rd1
Qxf3 27. Rxf3 Rd8 28. Rfd3 Rd6 29. Kf2 Kf8 30. g3 Ke7 31. Re3 Kf6 32. Rf3+ Rf5
33. Rf4 Kg6 34. Rxf5 Kxf5 35. Ke3 Ke5 36. Rh1 Rxd5 37. Rxh7 Rd7 1/2-1/2

[Event "Ontario op"]
[Site "Oakville CAN"]
[Date "2019.05.20"]
[Round "6.5"]
[White "Hua, Eugene"]
[Black "Krnan, Tomas"]
[Result "1/2-1/2"]
[WhiteElo "2412"]
[BlackElo "2515"]
[PlyCount "88"]
[EventDate "2019.05.18"]
[EventType "swiss"]
[EventRounds "6"]
[EventCountry "CAN"]

1. c4 Nf6 2. g3 g6 3. Bg2 Bg7 4. Nc3 O-O 5. e4 d6 6. Nge2 e5 7. O-O Nc6 8. d3
Nd7 9. Be3 Nc5 10. Qd2 Nd4 11. f4 c6 12. Rf2 f5 13. Raf1 a5 14. Kh1 a4 15. fxe5
dxe5 16. exf5 Bxf5 17. Ne4 Nce6 18. N2c3 Qc7 19. Ng5 Nxg5 20. Bxg5 Qd7 21. Ne4
Ne6 22. Be3 Bxe4 23. Bxe4 Rxf2 24. Qxf2 Rf8 25. Qe2 Rxf1+ 26. Qxf1 Bf8 27. Qf6
Bd6 28. Kg2 Qf7 29. Qxf7+ Kxf7 30. Kf3 Ke7 31. Ke2 Bb4 32. Bg2 Nd4+ 33. Bxd4
exd4 34. Bh3 Kd6 35. Bc8 b5 36. cxb5 cxb5 37. Kd1 Ba5 38. Ke2 Bd8 39. b3 a3 40.
Bb7 Kc5 41. Kd1 Bg5 42. Be4 Be3 43. h3 Bf2 44. g4 Bh4 1/2-1/2

[Event "Ontario op"]
[Site "Oakville CAN"]
[Date "2019.05.20"]
[Round "6.6"]
[White "Aniunoh, Chike"]
[Black "Ivanov, Mike"]
[Result "1-0"]
[WhiteElo "2161"]
[BlackElo "2327"]
[PlyCount "109"]
[EventDate "2019.05.18"]
[EventType "swiss"]
[EventRounds "6"]
[EventCountry "CAN"]

1. e4 e6 2. d3 c5 3. Nc3 Nc6 4. Nge2 d5 5. exd5 exd5 6. d4 Bf5 7. Be3 c4 8. g3
Bb4 9. Bg2 Nge7 10. O-O O-O 11. Nf4 Bxc3 12. bxc3 Qa5 13. Bd2 Rad8 14. g4 Bg6
15. a4 h6 16. Qb1 Qc7 17. Rc1 Qd7 18. h3 Bh7 19. Re1 g5 20. Nh5 f5 21. h4 fxg4
22. hxg5 hxg5 23. Ng3 Rf4 24. Nh5 Rdf8 25. Re2 Ng6 26. Qb5 R4f5 27. Ng3 Nf4 28.
Bxf4 gxf4 29. Nxf5 Rxf5 30. Rae1 f3 31. Re7 Qxe7 32. Rxe7 Nxe7 33. Qe8+ Rf8 34.
Qxe7 fxg2 35. Qg5+ Kh8 36. Qe5+ Kg8 37. Qxd5+ Rf7 38. Kxg2 Bxc2 39. a5 Bd3 40.
Qe6 Kf8 41. d5 Bf5 42. Qe5 Bd7 43. d6 Kg8 44. Qg5+ Kf8 45. Qc5 Rf3 46. a6 bxa6
47. Qxa7 Ke8 48. Qb8+ Kf7 49. Qd8 Bb5 50. Qe7+ Kg6 51. d7 Bxd7 52. Qxd7 Rxc3
53. Qxg4+ Kh6 54. Qe6+ Kh7 55. Qf7+ 1-0

[Event "Ontario op"]
[Site "Oakville CAN"]
[Date "2019.05.20"]
[Round "6.7"]
[White "Noor Ali, Aahil"]
[Black "Zhang, Henry"]
[Result "0-1"]
[WhiteElo "2019"]
[BlackElo "2228"]
[PlyCount "136"]
[EventDate "2019.05.18"]
[EventType "swiss"]
[EventRounds "6"]
[EventCountry "CAN"]

1. d4 Nf6 2. c4 g6 3. Nc3 d5 4. cxd5 Nxd5 5. e4 Nxc3 6. bxc3 c5 7. Bc4 Bg7 8.
Ne2 O-O 9. O-O Nc6 10. Be3 Qc7 11. Rc1 Rd8 12. Bf4 Qd7 13. dxc5 Qe8 14. Qc2 Bd7
15. Rb1 Rac8 16. Bd5 e6 17. Bxc6 Bxc6 18. Be3 Bf8 19. f3 Bb5 20. Qb2 Bxc5 21.
Bxc5 Rxc5 22. Rfc1 Bd3 23. Qa3 Rdc8 24. Rb2 a6 25. Rd2 Bc4 26. Nd4 e5 27. Nc2
Qc6 28. Ne3 Be6 29. Kh1 Kg7 30. Rd3 Qb5 31. Rcd1 Qa5 32. c4 Qxa3 33. Rxa3 Bxc4
34. Nxc4 Rxc4 35. h3 Rc1 36. Rxc1 Rxc1+ 37. Kh2 Rb1 38. Kg3 Rb2 39. Ra5 Kf6 40.
a3 Ra2 41. h4 Ke6 42. Kh3 f6 43. g4 Rd2 44. Kg3 h5 45. Rc5 Kd6 46. Rc8 Ra2 47.
Rc3 b5 48. gxh5 gxh5 49. f4 exf4+ 50. Kxf4 Rf2+ 51. Kg3 Rf1 52. Rc8 Ra1 53. Rc3
Ke5 54. Kf3 Kd4 55. Rc6 Rxa3+ 56. Kf4 Rh3 57. Rxa6 Rxh4+ 58. Kf5 Rxe4 59. Rd6+
Kc5 60. Rxf6 Rc4 61. Rh6 h4 62. Rh8 Kb4 63. Ke5 Kc3 64. Kd5 b4 65. Rg8 b3 66.
Rg2 b2 67. Rg1 Kb3 68. Rb1 Rc1 0-1

[Event "Ontario op"]
[Site "Oakville CAN"]
[Date "2019.05.20"]
[Round "6.8"]
[White "Li, Eric M"]
[Black "Issani, Nameer"]
[Result "1/2-1/2"]
[WhiteElo "2175"]
[BlackElo "2262"]
[PlyCount "50"]
[EventDate "2019.05.18"]
[EventType "swiss"]
[EventRounds "6"]
[EventCountry "CAN"]

1. d4 Nf6 2. Bf4 e6 3. e3 d5 4. Nd2 Nbd7 5. Ngf3 Be7 6. Bd3 b6 7. c3 Bb7 8. Ne5
Nxe5 9. dxe5 Nd7 10. Bg3 c5 11. Qg4 g6 12. f4 c4 13. Bc2 b5 14. Bf2 Nc5 15. e4
dxe4 16. Bxc5 Bxc5 17. Nxe4 Bxe4 18. Bxe4 Rc8 19. Rd1 Qa5 20. a3 Qb6 21. Qf3 a5
22. Kf1 O-O 23. g3 b4 24. axb4 axb4 25. Kg2 bxc3 1/2-1/2

[Event "Ontario op"]
[Site "Oakville CAN"]
[Date "2019.05.20"]
[Round "6.9"]
[White "Ademi, Sami"]
[Black "Xu, Eddie"]
[Result "0-1"]
[WhiteElo "2182"]
[BlackElo "2037"]
[PlyCount "82"]
[EventDate "2019.05.18"]
[EventType "swiss"]
[EventRounds "6"]
[EventCountry "CAN"]

1. e4 e5 2. Nf3 Nc6 3. Bb5 a6 4. Ba4 Nf6 5. O-O Be7 6. Re1 b5 7. Bb3 O-O 8. a4
Bb7 9. c3 d6 10. d3 Re8 11. axb5 axb5 12. Rxa8 Qxa8 13. Na3 b4 14. Nc4 bxc3 15.
bxc3 Na5 16. Nxa5 Qxa5 17. Bxf7+ Kxf7 18. Qb3+ Bd5 19. exd5 Qxd5 20. c4 Qa8 21.
d4 exd4 22. Nxd4 c5 23. Nb5 Bf8 24. Rd1 Qa5 25. Kf1 Re6 26. h3 Ne4 27. Qd3 Qa2
28. Be3 Be7 29. Nc7 Re5 30. f4 Ng3+ 31. Kg1 Re4 32. Bf2 Ne2+ 33. Kf1 Nc3 34.
Rc1 Rxf4 35. Qe3 Qxc4+ 36. Kg1 Ne2+ 37. Kh2 Nxc1 38. Nd5 Re4 39. Qf3+ Kg8 40.
Qf5 Bf8 41. Nb6 Qe6 0-1

[Event "Ontario op"]
[Site "Oakville CAN"]
[Date "2019.05.20"]
[Round "6.10"]
[White "Rusonik, Max"]
[Black "Xu, Daniel"]
[Result "0-1"]
[WhiteElo "2216"]
[BlackElo "2077"]
[PlyCount "62"]
[EventDate "2019.05.18"]
[EventType "swiss"]
[EventRounds "6"]
[EventCountry "CAN"]

1. e4 c5 2. Nf3 d6 3. d4 cxd4 4. Nxd4 Nf6 5. Nc3 a6 6. Bg5 e6 7. Qe2 Be7 8. h4
h6 9. Bd2 e5 10. Nb3 Be6 11. g3 Nbd7 12. Bh3 Bxh3 13. Rxh3 Rc8 14. O-O-O h5 15.
f3 b5 16. a3 Nb6 17. g4 Nc4 18. g5 Nd7 19. Nd5 Ndb6 20. Nxe7 Qxe7 21. Na5 Qe6
22. Nxc4 Nxc4 23. Rh2 O-O 24. Kb1 Nxa3+ 25. bxa3 Rxc2 26. Kxc2 Qa2+ 27. Kc1
Rc8+ 28. Bc3 Rxc3+ 29. Qc2 Qa1+ 30. Kd2 Rxc2+ 31. Kxc2 Qa2+ 0-1

[Event "Ontario op U1800"]
[Site "Oakville CAN"]
[Date "2019.05.18"]
[Round "1"]
[White "Gao, Lucy"]
[Black "Terry, Joshua"]
[Result "0-1"]
[WhiteElo "1604"]
[BlackElo "1781"]
[PlyCount "90"]
[EventDate "2019.05.18"]
[EventType "swiss"]
[EventRounds "3"]
[EventCountry "CAN"]

1. e4 c5 2. Nf3 d6 3. Bb5+ Nd7 4. O-O Ngf6 5. Qe2 a6 6. Bxd7+ Bxd7 7. Rd1 g6 8.
c3 Bg7 9. d4 cxd4 10. cxd4 d5 11. Nc3 dxe4 12. Nxe4 O-O 13. Nc5 Bc6 14. Ne5 Bd5
15. Bg5 Re8 16. Rac1 Qd6 17. a3 Nh5 18. Nc4 Bxc4 19. Qxc4 b5 20. Qb4 Qd5 21.
Be3 Red8 22. a4 e5 23. axb5 axb5 24. Qxb5 exd4 25. Qd3 dxe3 26. Qxd5 Rxd5 27.
Rxd5 Nf4 28. Rdd1 Ne2+ 29. Kf1 Nxc1 30. Rxc1 Bxb2 31. Rd1 exf2 32. Kxf2 Ra2 33.
Kf1 Be5 34. h3 Kg7 35. Nd7 Bc7 36. Nc5 Bb6 37. Nd3 h5 38. Rb1 Ba7 39. Rd1 Kh6
40. Ne5 Kg5 41. Nxf7+ Kf4 42. Rd7 Be3 43. Rd3 Rf2+ 44. Ke1 Rxg2 45. Kd1 g5 0-1

[Event "Ontario op U1800"]
[Site "Oakville CAN"]
[Date "2019.05.18"]
[Round "1"]
[White "Lefort, Victor"]
[Black "Sanyal, Prateek"]
[Result "0-1"]
[WhiteElo "1524"]
[BlackElo "1676"]
[PlyCount "80"]
[EventDate "2019.05.18"]
[EventType "swiss"]
[EventRounds "3"]
[EventCountry "CAN"]

1. e4 c5 2. Nf3 d6 3. d4 cxd4 4. Nxd4 Nf6 5. Nc3 a6 6. f3 e5 7. Nb3 Be6 8. Be3
d5 9. exd5 Nxd5 10. Nxd5 Qxd5 11. Qxd5 Bxd5 12. O-O-O Be6 13. Nc5 Bxc5 14. Bxc5
Nd7 15. Bd6 Rc8 16. b3 f6 17. Be2 Kf7 18. Rhf1 Rc6 19. f4 Rhc8 20. c4 exf4 21.
Bxf4 b5 22. Rd4 bxc4 23. Bf3 Rb6 24. bxc4 Rxc4+ 25. Rxc4 Bxc4 26. Bc7 Bxf1 27.
Bxb6 Nxb6 28. g4 g5 29. Kd2 Ke6 30. Be4 h6 31. Ke1 Ke5 32. Bb7 Bc4 33. a3 a5
34. Kf2 Nd5 35. Kg3 Ne3 36. Bc6 Bd5 37. Bb5 Nc4 38. a4 Nb2 39. h4 Bb3 40. hxg5
hxg5 0-1

[Event "Ontario op U1800"]
[Site "Oakville CAN"]
[Date "2019.05.18"]
[Round "1"]
[White "Piccinin, Mario"]
[Black "Benggawan, Undriadi"]
[Result "1-0"]
[WhiteElo "1757"]
[BlackElo "1591"]
[PlyCount "75"]
[EventDate "2019.05.18"]
[EventType "swiss"]
[EventRounds "3"]
[EventCountry "CAN"]

1. b3 d5 2. Bb2 Nc6 3. e3 e5 4. Bb5 Bd6 5. f4 Qh4+ 6. g3 Qe7 7. Nf3 Bg4 8. fxe5
Bxe5 9. Bxe5 Bxf3 10. Qxf3 Qxe5 11. O-O Nf6 12. Nc3 O-O 13. Bxc6 bxc6 14. Qf4
Qe7 15. Rae1 Rab8 16. Qa4 Qc5 17. Qd4 Qa5 18. Rxf6 gxf6 19. Rf1 Qb4 20. Qxa7
Qb6 21. Qa4 Rfd8 22. Qg4+ Kf8 23. Qf5 Rd6 24. d4 Re8 25. Rf3 Qb4 26. Qd3 c5 27.
dxc5 Qxc5 28. Na4 Qa3 29. Qxh7 Qc1+ 30. Kg2 Qd2+ 31. Kh3 d4 32. Qh6+ Ke7 33.
Nc5 Qxc2 34. exd4 Re6 35. Nxe6 fxe6 36. Qxf6+ Kd6 37. Qe5+ Kc6 38. Rc3+ 1-0

[Event "Ontario op U1800"]
[Site "Oakville CAN"]
[Date "2019.05.18"]
[Round "1"]
[White "Supsup, Ferdinand"]
[Black "Zarezadegan, Fariborz"]
[Result "1-0"]
[WhiteElo "1747"]
[BlackElo "1596"]
[PlyCount "59"]
[EventDate "2019.05.18"]
[EventType "swiss"]
[EventRounds "3"]
[EventCountry "CAN"]

1. e4 e5 2. Nf3 Nc6 3. Bc4 Nf6 4. Ng5 d5 5. exd5 Na5 6. Bb5+ c6 7. dxc6 Nxc6 8.
Bc4 Nd5 9. Nxf7 Kxf7 10. Qf3+ Ke6 11. Nc3 Nce7 12. d4 b5 13. Bb3 Bb7 14. Bg5
Qd6 15. O-O-O Rc8 16. dxe5 Qc6 17. Bxe7 Kxe7 18. Bxd5 Qh6+ 19. Kb1 Bxd5 20.
Nxd5+ Ke8 21. Qf5 Qc6 22. e6 Qb7 23. Qh5+ Kd8 24. e7+ Bxe7 25. Nxe7+ Kxe7 26.
Rhe1+ Kf8 27. Qf5+ Kg8 28. Rd7 Rf8 29. Qe6+ Rf7 30. Qxf7# 1-0

[Event "Ontario op U1800"]
[Site "Oakville CAN"]
[Date "2019.05.18"]
[Round "1"]
[White "Wu, Benjamin"]
[Black "Liu, Harrison"]
[Result "1-0"]
[WhiteElo "1595"]
[BlackElo "1769"]
[PlyCount "105"]
[EventDate "2019.05.18"]
[EventType "swiss"]
[EventRounds "3"]
[EventCountry "CAN"]

1. e4 c5 2. Nf3 d6 3. d4 cxd4 4. Nxd4 Nf6 5. Nc3 g6 6. Be3 Bg7 7. f3 O-O 8. Qd2
Nc6 9. Bc4 Bd7 10. O-O-O a6 11. Bb3 b5 12. g4 Ne5 13. Bh6 Nc4 14. Bxc4 bxc4 15.
Bxg7 Kxg7 16. h4 Rb8 17. h5 Qb6 18. b3 cxb3 19. cxb3 Rbc8 20. Kb2 Qa5 21. hxg6
fxg6 22. Qh6+ Kg8 23. Nd5 Rf7 24. Nxf6+ exf6 25. Qd2 Qe5 26. Rc1 Rff8 27. Kb1
Rc5 28. Rxc5 dxc5 29. Nf5 Bxf5 30. gxf5 Qc7 31. fxg6 hxg6 32. Qh6 Qg7 33. Qxg7+
Kxg7 34. Rc1 Rc8 35. b4 c4 36. Kc2 Kf7 37. Kc3 Ke6 38. f4 g5 39. fxg5 fxg5 40.
Rg1 Kf6 41. e5+ Kf5 42. e6 g4 43. e7 Kf4 44. Re1 Re8 45. Kxc4 g3 46. Kd5 g2 47.
Ke6 Kf3 48. Kf7 Kf2 49. Rc1 Rc8 50. Rb1 g1=Q 51. Rxg1 Kxg1 52. e8=Q Rxe8 53.
Kxe8 1-0

[Event "Ontario op U1800"]
[Site "Oakville CAN"]
[Date "2019.05.18"]
[Round "2"]
[White "Chen, Richard"]
[Black "Piccinin, Mario"]
[Result "1-0"]
[WhiteElo "1642"]
[BlackElo "1757"]
[PlyCount "103"]
[EventDate "2019.05.18"]
[EventType "swiss"]
[EventRounds "3"]
[EventCountry "CAN"]

1. d4 f5 2. c4 e6 3. Nc3 Bb4 4. Nf3 Nf6 5. Bd2 b6 6. a3 Bxc3 7. Bxc3 O-O 8. g3
Bb7 9. Bg2 d6 10. O-O Ne4 11. Qc2 Nd7 12. e3 Qe7 13. Rad1 Rae8 14. b4 Nxc3 15.
Qxc3 e5 16. dxe5 Nxe5 17. Nxe5 Bxg2 18. Kxg2 Qxe5 19. Qxe5 Rxe5 20. Rd5 Rfe8
21. Rfd1 Kf7 22. Kf3 h5 23. h4 Kf6 24. R1d4 Re4 25. Rxe4 Rxe4 26. Rd4 Ke5 27.
Rd5+ Ke6 28. Rd4 Re5 29. Kf4 a5 30. f3 g6 31. e4 c6 32. Rd3 axb4 33. axb4 d5
34. exd5+ cxd5 35. cxd5+ Rxd5 36. Rxd5 Kxd5 37. Kg5 Kc4 38. Kxg6 Kxb4 39. Kxh5
Kc4 40. Kg5 b5 41. h5 b4 42. h6 b3 43. h7 b2 44. h8=Q b1=Q 45. Qc8+ Kd4 46.
Qxf5 Qg1 47. Qf4+ Kd5 48. g4 Ke6 49. Kg6 Qg2 50. g5 Ke7 51. Kg7 Ke6 52. Qg4+
1-0

[Event "Ontario op U1800"]
[Site "Oakville CAN"]
[Date "2019.05.18"]
[Round "2"]
[White "Sanyal, Prateek"]
[Black "Supsup, Ferdinand"]
[Result "0-1"]
[WhiteElo "1676"]
[BlackElo "1747"]
[PlyCount "66"]
[EventDate "2019.05.18"]
[EventType "swiss"]
[EventRounds "3"]
[EventCountry "CAN"]

1. d4 Nf6 2. c4 c5 3. d5 b5 4. cxb5 a6 5. bxa6 g6 6. e3 Bg7 7. Nc3 O-O 8. Nf3
d6 9. Be2 Bxa6 10. O-O Nbd7 11. Qc2 Qa5 12. Bd2 Rfb8 13. Bxa6 Qxa6 14. Rab1 Ng4
15. Qe4 Nge5 16. Nxe5 Nxe5 17. f4 f5 18. Qc2 Nd3 19. Nd1 Nb4 20. Bxb4 Rxb4 21.
a3 Rb6 22. e4 Bd4+ 23. Nf2 Rab8 24. exf5 Rxb2 25. Rxb2 Rxb2 26. Qe4 Re2 27. Qb1
Kg7 28. fxg6 hxg6 29. f5 Qxa3 30. fxg6 Qe3 31. Qf5 Rxf2 32. Qxf2 Qe2 33. h4
Kxg6 0-1

[Event "Ontario op U1800"]
[Site "Oakville CAN"]
[Date "2019.05.18"]
[Round "2"]
[White "Zarezadegan, Fariborz"]
[Black "Lefort, Victor"]
[Result "1-0"]
[WhiteElo "1596"]
[BlackElo "1527"]
[PlyCount "103"]
[EventDate "2019.05.18"]
[EventType "swiss"]
[EventRounds "3"]
[EventCountry "CAN"]

1. e4 d5 2. e5 c5 3. c3 Bf5 4. d4 e6 5. Bd3 Bxd3 6. Qxd3 cxd4 7. cxd4 Nc6 8.
Nf3 Nge7 9. Nc3 Nf5 10. O-O Be7 11. a3 O-O 12. g4 Nh4 13. Nxh4 Bxh4 14. f4 f6
15. Be3 fxe5 16. fxe5 Rxf1+ 17. Rxf1 a6 18. Na4 b6 19. b4 Be7 20. Rc1 Nb8 21.
Nc3 Ra7 22. Ne2 Rc7 23. Rf1 Bg5 24. Bxg5 Qxg5 25. Qg3 Qe7 26. Nf4 Rc8 27. Ne2
h6 28. Qd3 b5 29. Qg6 Nd7 30. Nf4 Nf8 31. Qd3 Qc7 32. Ne2 Qc2 33. Qf3 Qg6 34.
h4 Nd7 35. h5 Qe8 36. Kg2 Nf8 37. Kg3 Nh7 38. Qd3 Ng5 39. Qe3 Ne4+ 40. Kh3 Qd8
41. Rc1 Nf2+ 42. Qxf2 Rxc1 43. Nxc1 Qc7 44. Qd2 Qc4 45. Kg2 Kh8 46. Kf2 Kg8 47.
Ne2 Qc7 48. Qc3 Qd8 49. Kg3 Qe8 50. Qf3 Qc8 51. Nf4 Kh7 52. Ng6 1-0

[Event "Ontario op U1800"]
[Site "Oakville CAN"]
[Date "2019.05.19"]
[Round "3"]
[White "Supsup, Ferdinand"]
[Black "Chen, Richard"]
[Result "1-0"]
[WhiteElo "1747"]
[BlackElo "1642"]
[PlyCount "131"]
[EventDate "2019.05.18"]
[EventType "swiss"]
[EventRounds "3"]
[EventCountry "CAN"]

1. e4 e5 2. Nf3 Nf6 3. d4 exd4 4. e5 Qe7 5. Be2 Ng4 6. O-O Nxe5 7. Nxe5 Qxe5 8.
Re1 Be7 9. Bf3 Qf6 10. Qe2 Nc6 11. Nd2 d3 12. cxd3 Nd4 13. Qd1 O-O 14. Kh1 Nxf3
15. Nxf3 h6 16. Qc2 c6 17. Be3 Bb4 18. Bd2 Qd6 19. Re2 c5 20. Be3 b6 21. a3 Ba5
22. d4 Ba6 23. dxc5 Qb8 24. b4 Bxe2 25. Qxe2 bxc5 26. bxa5 Re8 27. Qc2 d6 28.
Rd1 Qc7 29. Qc3 Rad8 30. Nd4 Qd7 31. Nf3 Qa4 32. Rd2 a6 33. h3 c4 34. Bb6 Rd7
35. Rd4 d5 36. Kh2 Re4 37. Rxe4 dxe4 38. Ne5 Rd6 39. Qxc4 Qxc4 40. Nxc4 Rd3 41.
a4 f6 42. g4 Kf7 43. Be3 Ke6 44. h4 Rc3 45. Nb6 Rd3 46. h5 f5 47. Kg3 Rb3 48.
Kf4 fxg4 49. Kxg4 Rb1 50. Kf4 Rb4 51. Bc5 Rb1 52. Na8 Ra1 53. Nc7+ Kf6 54. Nxa6
Rxa4 55. Bb6 g6 56. Nc7 gxh5 57. a6 h4 58. a7 e3+ 59. Kf3 e2 60. Kxe2 h3 61.
Kf3 Ra3+ 62. Be3 Ra1 63. Kg3 Rg1+ 64. Kxh3 Rg8 65. a8=Q Rxa8 66. Nxa8 1-0